00390 a2200145 4500003000400000005001700004008004100021040000900062082001700071100002800088245006300116250001200179260004300191300001000234OSt20240202145714.0240202b |||||||| |||| 00| 0 eng d coclc a923.6bKUN/P aKunhabdulla, Kattukandi aPrathyashayude athbhutha Gopuram /cKattukandi Kunhabdulla a1st ed. aKozhikode:bOlive Publications,c2021. a130p.